000 00635nam a2200193 i 4500
001 147263
003 ES-MaACL
005 20230906201914.0
007 t|
008 070925s1960 sp a |||| | spa d
080 _a618.1-085.361
100 1 _aUfer, Joachim.
_9111877
245 1 0 _aHormonoterapia en ginecología
_b: fundamentos y práctica /
_cJoachim Ufer ; [traducción, Francisco Ruiz Albrecht].
260 _aMadrid :
_bAlhambra,
_c1960.
300 _aXI, 160 p. :
_bil ;
_c25 cm.
650 1 4 _aMujeres-
_xEnfermedades-
_xHormonoterapia.
_915273
700 1 _aRuiz Albrecht, Francisco.
_9100640
852 _aES-MaACL
_jC-19190
999 _c147263
_d147263